Henry Kissinger Leadership (Record no. 612813)

000 -LEADER
fixed length control field 00284nam a22001217a 4500
020 ## - INTERNATIONAL STANDARD BOOK NUMBER
International Standard Book Number 978-0241-54200-2
040 ## - CATALOGING SOURCE
Transcribing agency CL
100 ## - MAIN ENTRY--PERSONAL NAME
Personal name Kissinger,Henry
9 (RLIN) 46579
245 ## - TITLE STATEMENT
Title Henry Kissinger Leadership
260 ## - PUBLICATION, DISTRIBUTION, ETC.
Place of publication, distribution, etc. UK
Name of publisher, distributor, etc. Penguin Random House
Date of publication, distribution, etc. 2022
300 ## - PHYSICAL DESCRIPTION
Extent 499p.
942 ## - ADDED ENTRY ELEMENTS (KOHA)
Source of classification or shelving scheme
Koha item type Book
Holdings
Withdrawn status Lost status Source of classification or shelving scheme Damaged status Not for loan Permanent Location Current Location Shelving location Date acquired Total Checkouts Full call number Barcode Date last seen Price effective from Koha item type
          Central Library (CL) Central Library (CL) Fiction 02/10/2025   303.34 HEN CL-D-2710 02/14/2025 02/10/2025 Book
© 2023 Central Library, National University of Sciences and Technology. All Rights Reserved.